| 000 | 01026nam a22002417a 4500 | ||
|---|---|---|---|
| 005 | 20110427152433.0 | ||
| 008 | 110427t xxu||||| |||| 00| 0 mar d | ||
| 010 | _aMAR-20754 | ||
| 020 |
_a9788184982121 _c130.00 |
||
| 035 | _aMR-13412 | ||
| 037 | _bDBAD / PUB | ||
| 040 |
_aDPL _bMR |
||
| 082 | _a891.46301 | ||
| 100 |
_aमराठे,रमा _927501 |
||
| 245 |
_aती दोघं / _cरमा नराठे |
||
| 246 |
_aTee Dogha _bby Rama Marathe |
||
| 260 |
_aपुणे _bमेहता पब्लिशिंग हाऊस _c2011 |
||
| 270 |
_a1941, सदाशिव पेठ माडीवाले कॉलनी, _bपुणे _e411030 |
||
| 300 |
_aनऊ,154पृ _c21सेमी (अजिल्द) |
||
| 700 | _927502 | ||
| 942 |
_2ddc _cMR _h891.46301 _mमराठे |
||
| 999 |
_c51948 _d51948 |
||